000 00499nam a2200181 i 4500
001 91486
003 ES-MaACL
005 20251005063058.0
007 t|
008 050131s1959 sp ||||1| spa d
100 1 _aLewis, Sinclair,
_d1885-1951
_972071
245 1 0 _aObras /
_cde Sinclair Lewis.
260 _aMadrid :
_bPlaza & Janés,
_c1959 (
_fTip. Miguza)
300 _a1 v. ;
_c18 cm.
500 _aEs el vol. 2º.
852 _aES-MaACL
_jP-651
_bR.46323
999 _c91486
_d91486